000 00312nam a22001457a 4500
020 _a81-8022-006-0
082 _a920
_bDEO/F
100 _aDEO,SUBHASH G.
245 _aTESLA
250 _aFIRST
260 _aDELHI
_bPRIORITY PUBLICATIONS
_c2003
300 _a74
650 _aIDEAS OF TESLA
_zDELHI
942 _cBK
999 _c6515
_d6515